书目信息 |
| 题名: |
刘维新解析城市经济学
|
|
| 作者: | 刘维新 , 乜育平 , 赵亚静 编著 | |
| 分册: | ||
| 出版信息: | 北京 社会科学文献出版社 2014 |
|
| 页数: | 331页 | |
| 开本: | 24cm | |
| 丛书名: | 中国社会科学院老年学者文库 | |
| 单 册: | ||
| 中图分类: | F299.2 | |
| 科图分类: | ||
| 主题词: | 城市经济学--研究--中国 , 城市经济学 | |
| 电子资源: | ||
| ISBN: | 978-7-5097-5013-1 | |
| 000 | 01212oam2 2200301 450 | |
| 001 | 523 | |
| 005 | 20140909093639.85 | |
| 010 | @a978-7-5097-5013-1@dCNY79.00 | |
| 100 | @a20140304d2014 em y0chiy50 ea | |
| 101 | 0 | @achi |
| 102 | @aCN@b110000 | |
| 105 | @aa z 000yy | |
| 106 | @ar | |
| 200 | 1 | @a刘维新解析城市经济学@ALiu Wei Xin Jie Xi Cheng Shi Jing Ji Xue@f刘维新,乜育平,赵亚静编著@FLiu Wei Xin, Mie Yu Ping, Zhao Ya Jing Bian Zhu |
| 210 | @a北京@c社会科学文献出版社@d2014 | |
| 215 | @a331页@c图@d24cm | |
| 225 | 2 | @a中国社会科学院老年学者文库 |
| 300 | @a中国社会科学院老年科研基金资助 | |
| 330 | @a本书总结了刘维新学术研究的重要观点,包括城市经济学的三大领域:城市、土地与房地产。书中内容包括:刘维新学术观点概述,刘维新学术观点的行程、特点与发展,刘维新学术观点的影响及其应用,学术观点涉及的领域及研究范围,各大报刊对刘维新专访的重点汇编等。 | |
| 461 | 0 | @12001 @a中国社会科学院老年学者文库 |
| 606 | 0 | @a城市经济学@x研究@y中国 |
| 606 | 0 | @a城市经济学 |
| 690 | @aF299.2@v5 | |
| 701 | 0 | @a刘维新@ALiu Wei Xin@f(1936~)@4编著 |
| 701 | 0 | @a乜育平@AMie Yu Ping@4编著 |
| 701 | 0 | @a赵亚静@AZhao Ya Jing@4编著 |
| 801 | 0 | @aCN@bTANGWEI@c20140603 |
| 905 | @b0839620-22@dF299.2@e1177@f3 | |
| 刘维新解析城市经济学/刘维新,乜育平,赵亚静编著.-北京:社会科学文献出版社,2014 |
| 331页:图;24cm.-(中国社会科学院老年学者文库) |
| 中国社会科学院老年科研基金资助 |
| ISBN 978-7-5097-5013-1:CNY79.00 |
| 本书总结了刘维新学术研究的重要观点,包括城市经济学的三大领域:城市、土地与房地产。书中内容包括:刘维新学术观点概述,刘维新学术观点的行程、特点与发展,刘维新学术观点的影响及其应用,学术观点涉及的领域及研究范围,各大报刊对刘维新专访的重点汇编等。 |
| ● |
| 相关链接 |
|
|
|
|
正题名:刘维新解析城市经济学
索取号:F299.2/1177
 
预约/预借
| 序号 | 登录号 | 条形码 | 馆藏地/架位号 | 状态 | 备注 |
| 1 | 0839620 | 208396207 | 第一样本阅览室/ [索取号:F299.2/1177] | 在馆 | |
| 2 | 0839621 | 208396216 | 密集书库-海洋学院/ [索取号:F299.2/1177] | 在馆 | |
| 3 | 0839622 | 208396225 | 第一借阅区/ [索取号:F299.2/1177] | 在馆 |